The International Prison Congres of Stockholm (Record no. 179295)

MARC details
000 -LEADER
campo de control de longitud fija 00793nam a2200193 i 4500
001 - NÚMERO DE CONTROL
campo de control 179295
003 - IDENTIFICADOR DE NÚMERO DE CONTROL
campo de control ES-MaACL
005 - FECHA Y HORA DE LA ÚLTIMA TRANSACCIÓN
campo de control 20230906220731.0
008 - DATOS DE LONGITUD FIJA--INFORMACIÓN GENERAL
campo de control de longitud fija 111025s1878 xxk |||| | eng d
100 1# - ENTRADA PRINCIPAL--NOMBRE DE PERSONA
Nombre de persona Wines, Enoch Cobb (
Fechas asociadas al nombre 1806-1879)
9 (RLIN) 117073
245 14 - MENCIÓN DEL TÍTULO
Título The International Prison Congres of Stockholm
Resto del título : a report prepared for the Social Science Congress of Cheltenham, october 23-30 /
Mención de responsabilidad, etc. by Dr. Wines.
260 ## - PUBLICACIÓN, DISTRIBUCIÓN, ETC.
Lugar de publicación, distribución, etc. [S.l. :
Nombre del editor, distribuidor, etc. s.n.,
Fecha de publicación, distribución, etc. 1878?]
300 ## - DESCRIPCIÓN FÍSICA
Extensión 7 p. ;
Dimensiones 21 cm.
594 ## - Nota al título y mención de responsabilidad
Nota al título y mención de responsabilidad Título y autor tomado de principio del texto.
596 ## - NOTA AL PIE DE IMPRENTA
NOTA AL PIE DE IMPRENTA Ejemplar sin portada.
650 04 - PUNTO DE ACCESO ADICIONAL DE MATERIA--TÉRMINO DE MATERIA
Término de materia o nombre geográfico como elemento de entrada Establecimientos penitenciarios-
Subdivisión de forma Congresos y asambleas.
9 (RLIN) 163123
711 2# - ENTRADA AGREGADA--NOMBRE DE REUNIÓN
Nombre de congreso/reunión o jurisdicción como elemento de entrada Congreso Penitenciario Internacional (
Fecha del congreso o de la firma del tratado 1878.
Sede del congreso/Lugar de la reunión Estocolmo)
9 (RLIN) 165779
852 ## - LOCALIZACIÓN
Ubicación ES-MaACL
Número de control de estantería D-221(2)
Nota libre .- Donativo Lastres
Holdings
Estatus retirado Estado de pérdida Estado de daño No para préstamo Colección Biblioteca de origen Biblioteca actual Ubicación en estantería Fecha de adquisición Fuente de adquisición Total de préstamos Signatura topográfica completa Código de barras Visto por última vez Precio de reemplazo Tipo de ítem Koha
        Libros del s. XIX Biblioteca del Ateneo de Madrid Biblioteca del Ateneo de Madrid Sala Valle Inclán 25/10/2011     D-221(2) 901188350 23/02/2023 23/02/2023 Libro impreso antiguo